Statistics for 100 Top Reviewed Steam Games (SteamDB rating algorithm)

Click here to take the quiz!

General Stats

  • This quiz has been taken 36 times
  • The average score is 10 of 100

Answer Stats

Answer% Correct
Portal
71%
Portal 2
71%
Half-Life
68%
Half-Life 2
68%
Counter-Strike
61%
Counter-Strike: Source
61%
Fallout: New Vegas
52%
Terraria
45%
The Witcher 3: Wild Hunt
39%
Left 4 Dead 2
29%
Factorio
26%
Stardew Valley
23%
Sid Meier's Civilization V
19%
Batman: Arkham Asylum GOTY Edition
16%
Cuphead
16%
Garry's Mod
16%
The Binding of Isaac
16%
The Binding Of Isaac: Rebirth
16%
Undertale
16%
Euro Truck Simulator 2
13%
Life is Strange
13%
Rimworld
13%
The Walking Dead
13%
The Walking Dead: Season Two
13%
Tomb Raider
13%
Bioshock Infinite
10%
Celeste
10%
Doki Doki Literature Club
10%
Don't Starve
10%
Don't Starve Together
10%
Mount & Blade: Warband
10%
Plants vs. Zombies: Game of the Year
10%
South Park: The Stick of Truth
10%
Baba Is You
6%
DUSK
6%
FTL: Faster Than Light
6%
One Finger Death Punch
6%
Outlast
6%
Papers, Please
6%
RESIDENT EVIL 2 / BIOHAZARD RE:2
6%
Return of the Obra Dinn
6%
Slay the Spire
6%
A Hat in Time
3%
Bastion
3%
Broforce
3%
Crypt of the Necrodancer
3%
Danganronpa 2: Goodbye Despair
3%
Danganronpa: Trigger Happy Havoc
3%
Dishonored
3%
Dishonored RHCP
3%
Divinity: Original Sin 2
3%
Everlasting Summer
3%
Grimm
3%
Hook
3%
Iron Snout
3%
Mirror
3%
Ori and the Blind Forest
3%
Ori and the Blind Forest: Definitive Edition
3%
Slime Rancher
3%
STEINS;GATE
3%
The Expendabros
3%
The Room
3%
The Room Two
3%
The Wolf Among Us
3%
To the Moon
3%
VA-11 Hall-A: Cyberpunk Bartender Action
3%
BattleBlock Theater
0%
Bit Blaster XL
0%
Bloodstained: Ritual of the Night
0%
Castle Crashers
0%
DEEP SPACE WAIFU
0%
Duck Game
0%
Dust: An Elysian Tail
0%
Eternal Senia
0%
Finding Paradise
0%
Gorogoa
0%
Gunpoint
0%
東方天空璋 ~ Hidden Star in Four Seasons.
0%
Hollow Night
0%
Hotline Miami
0%
HuniePop
0%
Katana ZERO
0%
Keep Talking and Nobody Explodes
0%
Killing Floor
0%
klocki
0%
Mark of the Ninja
0%
Monster Girl Island: Prologue
0%
Muse Dash
0%
My Friend Pedro
0%
NEKOPARA Vol. 2
0%
NEKOPARA Vol. 3
0%
OneShot
0%
Rabi-Ribi
0%
Risk of Rain 2
0%
Saints Row: The Third
0%
Shovel Knight: Treasure Trove
0%
Super Hexagon
0%
Touhou Luna Nights
0%
Trine 2
0%
West of Loathing
0%

Score Distribution

Percentile by Number Answered

Percent of People with Each Score

Your Score History

You have not taken this quiz